000 00531nam a2200181Ia 4500
003 OSt
005 20260328093855.0
008 211028s2009 xx 000 0 und d
040 _cAIMIT LIBRARY
041 _aeng
082 _a658.15 LEWR
100 _aLewis, Renita Andrea;Kamath, T Ramesh.
_g716102
_96325
245 _aPriority sector advances portfolio in nationalised banks: Syndicate Bank- a case study /
260 _bKamath, T Ramesh
_c2009
600 _aFinance
_96326
650 _aFinance
_96327
942 _2ddc
_cPRO
999 _c218200
_d218200